MARC

LEADER 00000nam0a2200000 4500
001 28262
005 20260425071716.0
010 |a 588274010X 
035 |a (RuTPU)RU\TPU\book\28518 
035 |a BOOK00000243 
090 |a 28262 
100 |a 20011209d1992 km y0rusy50 ca 
101 0 |a rus 
102 |a RU 
105 |a y z 000zb 
200 1 |a При свете дня  |e О В. И. Ленине  |f В. А. Солоухин 
210 |a Москва  |c ОГИЗ  |d 1992 
215 |a 221 с. 
600 1 |2 stltpui  |3 (RuTPU)RU\TPU\pers\1074  |a Ленин  |b В. И.  |c настоящая фамилия Ульянов  |c российский политический деятель  |f 1870 - 1924  |g Владимир Ильич  |9 486 
606 |7 ca  |8 rus  |a Ленин В. И.  |x Жизнь и деятельность  |9 89215 
610 1 |a история 
610 1 |a биографии 
610 1 |a СССР 
610 1 |a политические деятели 
610 1 |a политика 
610 1 |a советское общество 
610 1 |a критика 
610 1 |a КПСС 
686 |a Т3(2)6-8Ленин35  |2 rubbk 
700 1 |a Солоухин  |b В. А.  |c русский писатель  |f 1924-1997  |g Владимир Алексеевич  |3 (RuTPU)RU\TPU\pers\14878  |9 5031 
801 0 |a RU  |b 63413507  |c 20011209  |g PSBO 
801 2 |a RU  |b 63413507  |c 20140530  |g PSBO 
942 |c BK